MARC

LEADER 00000nam2a2200000 4500
001 352977
005 20231102010541.0
035 |a (RuTPU)RU\TPU\retro\9905 
035 |a RU\TPU\retro\9902 
090 |a 352977 
100 |a 20200222d1940 k y0rusy50 ca 
101 0 |a rus  |a eng 
102 |a RU 
200 0 |a № 4  |e [сборник] 
210 |a Ленинград  |c ОНТИ  |d 1940 
215 |a 116 с. 
225 1 |a Раздел металлургии  |v Вып. 1 
461 1 |0 (RuTPU)RU\TPU\retro\9681  |t Труды Ленинградского индустриального института  |o [сборник]  |f Ленинградский индустриальный институт (ЛИИ)  |v № 4  |d 1936-1940 
517 1 |a Transactions of the Leningrad Industrial Institute 
606 1 |a Металлургия общая  |2 stltpush  |3 (RuTPU)RU\TPU\subj\43016  |9 62604 
610 1 |a карбиды магния 
610 1 |a карбиды кальция 
610 1 |a электрохимические реакции 
610 1 |a хлористый свинец 
610 1 |a полтность тока 
610 1 |a влияние 
610 1 |a температурные условия 
610 1 |a расплавленные соли 
610 1 |a диабаз 
610 1 |a диатомит 
610 1 |a шамот 
610 1 |a электропроводность 
610 1 |a анодное растворение 
610 1 |a электролитическое меднение 
610 1 |a силумин 
610 1 |a хромирование 
712 0 2 |a Ленинградский индустриальный институт (ЛИИ)  |c (1934-1940)  |2 stltpush  |3 (RuTPU)RU\TPU\col\16262 
801 1 |a RU  |b 63413507  |c 20160623 
801 2 |a RU  |b 63413507  |c 20200208  |g RCR 
801 2 |a RU  |b 63413507  |c 20220414  |g RCR 
942 |c BK